01000nam0a22002051 4500001001000000005001700010035002600027100004100053101000800094102000700102105001800109200027000127210003200397215002300429702008300452712020000535801001800735801002200753852001900775rc\12889320260406185845.0 a(NLR Aleph) 005403954 a20030307d1992 |||y0rusy50 ca0 arus aRU aa |||||||||1 aБанковское дело в ФРГeУчеб. пособие по изуч. фин.-кредит. лексики нем. яз.fСанкт-Петербург. гос. техн. ун-т. Каф. иностр. яз.gАвт.-сост. Е.А. Зачевский aСПб.cСПбГТУd1992 a131 с.cил.d20 1aЗачевскийbЕ.А.gЕвгений Александрович422002aСанкт-Петербургский государственный технический университетbКафедра иностранных языков3RU\NLR\AUTH\889951593 0aRUbNLRgpsbo 1aRUbELAR2rusmarc aNLRj92-3/5013